00226nam a2200097Ia 45000010005000000080041000050820023000461000011000692450024000802600024001042624241024s9999 xx 000 0 und d aRD/370.97293/ID19c aIDEICE 0aCarpeta Informativa bSanto Domingoc2008